• 首页
  • 本馆介绍
  • 公告通知
  • 最新文献
  • 馆藏检索
  • 电子资源
  • 读者导购
  • 参考咨询
  • 我的图书馆
  • 登录
  • 详细信息显示
  • 放入我的书架
  • 预约/预借图书
  • 作者相关作品
  • 分类相关作品
  • 丛书相关作品
  • 出版社相关作品

书目信息

  • 表格格式
  • 工作单格式
  • 卡片格式
题名:
东方文明畅想录
    
 
作者: 启良 著
分册:  
出版信息: 广州   花城出版社  2001.4
页数: 319页
开本: 21cm
丛书名:
单 册:
中图分类: G04
科图分类:
主题词: 现代化--关系--文明--研究--东方国家
电子资源:
ISBN: 7-5360-3486-5
000 00613nam0 2200229 45
001 012000000254
005 20031219104055.2
010    @a7-5360-3486-5@dCNY18.00
100    @a20010709d2001 em y0chiy0120 ea
101 0  @achi
102    @aCN@b440000
105    @ay a 000yy
106    @ar
200 1  @a东方文明畅想录@Adong fang wen ming chang xiang lu@f启良著
210    @a广州@c花城出版社@d2001.4
215    @a319页@d21cm
320    @a有书目
606 0  @a现代化@x关系@x文明@x研究@y东方国家
690    @aG04@v4
701  0 @a启良@Aqi liang@4著
801    @aCN@bTSTC@c20020428
905    @b309481@dG04@e22@f1
    
    东方文明畅想录/启良著.-广州:花城出版社,2001.4
    319页;21cm
    
    
    ISBN 7-5360-3486-5:CNY18.00
    
●
相关链接 在E读中查询图书 在五车中查询图书 在当当中查询图书 在豆瓣中查询图书


正题名:东方文明畅想录     索取号:G04/22         预约/预借

序号 登录号 条形码 馆藏地/架位号 状态 备注
1 0309481   203094819   第一样本阅览室/ [索取号:G04/22] 在馆    
唐山师范学院图书馆 欢迎您!
大连网信软件有限公司© 版权所有